[Event "DEM U8 2025"]
[Site "Willingen GER"]
[Date "2025.06.12"]
[Round "4"]
[White "Pott, Philipp"]
[Black "Siegel, Vitus"]
[Result "0-1"]
[Termination "normal"]
[Board "17"]
[WhiteElo "994"]
[BlackElo "1169"]
[WhiteClock "00:32:50"]
[BlackClock "00:47:45"]
[PlyCount "56"]
[WhiteFideId "533031975"]
[BlackFideId "34694102"]
[EventCountry "GER"]
[EventRounds "7"]
[EventType "swiss"]
[EventDate "2025.06.10"]

1. e4 {[%clk 01:00:27]} {[%emt 00:00:02]} e5 {[%clk 01:00:21]} {[%emt
00:00:09]} 2. Nc3 {[%clk 01:00:36]} {[%emt 00:00:06]} Nc6 {[%clk 01:00:26]}
{[%emt 00:00:08]} 3. Bb5 {[%clk 01:00:36]} {[%emt 00:00:16]} Bc5 {[%clk
01:00:19]} {[%emt 00:00:22]} 4. Nf3 {[%clk 01:00:30]} {[%emt 00:00:22]} Nf6
{[%clk 01:00:07]} {[%emt 00:00:24]} 5. Nxe5 {[%clk 01:00:33]} {[%emt 00:00:15]}
Nxe5 {[%clk 01:00:00]} {[%emt 00:00:22]} 6. d4 {[%clk 01:00:42]} {[%emt
00:00:07]} c6 {[%clk 01:00:04]} {[%emt 00:00:10]} 7. dxe5 {[%clk 01:00:42]}
{[%emt 00:00:15]} cxb5 {[%clk 01:00:02]} {[%emt 00:00:17]} 8. exf6 {[%clk
01:00:50]} {[%emt 00:00:07]} Qxf6 {[%clk 00:59:57]} {[%emt 00:00:19]} 9. O-O
{[%clk 01:00:47]} {[%emt 00:00:18]} a6 {[%clk 00:59:51]} {[%emt 00:00:22]} 10.
Nd5 {[%clk 01:00:49]} {[%emt 00:00:12]} Qd8 {[%clk 00:59:56]} {[%emt 00:00:11]}
11. Bf4 {[%clk 01:00:09]} {[%emt 00:00:55]} d6 {[%clk 00:59:32]} {[%emt
00:00:37]} 12. Re1 {[%clk 00:59:10]} {[%emt 00:01:14]} O-O {[%clk 00:59:13]}
{[%emt 00:00:34]} 13. b4 {[%clk 00:50:27]} {[%emt 00:08:59]} Ba7 {[%clk
00:57:54]} {[%emt 00:01:32]} 14. Kh1 {[%clk 00:39:45]} {[%emt 00:10:58]} Bxf2
{[%clk 00:52:04]} {[%emt 00:06:06]} 15. Re2 {[%clk 00:38:53]} {[%emt 00:01:07]}
Bg4 {[%clk 00:50:49]} {[%emt 00:01:30]} 16. Qf1 {[%clk 00:37:10]} {[%emt
00:01:57]} Bxe2 {[%clk 00:50:18]} {[%emt 00:00:47]} 17. Qxf2 {[%clk 00:37:18]}
{[%emt 00:00:07]} Bc4 {[%clk 00:50:18]} {[%emt 00:00:15]} 18. Qg3 {[%clk
00:37:15]} {[%emt 00:00:17]} Bxd5 {[%clk 00:49:52]} {[%emt 00:00:41]} 19. exd5
{[%clk 00:36:59]} {[%emt 00:00:31]} Qf6 {[%clk 00:49:52]} {[%emt 00:00:15]} 20.
Rf1 {[%clk 00:36:28]} {[%emt 00:00:46]} Rad8 {[%clk 00:49:22]} {[%emt
00:00:43]} 21. Re1 {[%clk 00:36:24]} {[%emt 00:00:22]} Qg6 {[%clk 00:49:24]}
{[%emt 00:00:13]} 22. Bg5 {[%clk 00:35:23]} {[%emt 00:01:17]} f6 {[%clk
00:48:44]} {[%emt 00:00:55]} 23. Bf4 {[%clk 00:34:48]} {[%emt 00:00:49]} Qxg3
{[%clk 00:48:26]} {[%emt 00:00:33]} 24. Bxg3 {[%clk 00:34:03]} {[%emt
00:01:00]} Rfe8 {[%clk 00:48:22]} {[%emt 00:00:19]} 25. Rg1 {[%clk 00:33:47]}
{[%emt 00:00:31]} Re4 {[%clk 00:48:18]} {[%emt 00:00:19]} 26. a3 {[%clk
00:33:32]} {[%emt 00:00:31]} Rd4 {[%clk 00:48:08]} {[%emt 00:00:22]} 27. Bf2
{[%clk 00:32:47]} {[%emt 00:01:02]} Rxd5 {[%clk 00:47:56]} {[%emt 00:00:27]}
28. Bb6 {[%clk 00:32:50]} {[%emt 00:00:12]} Rc8 {[%clk 00:47:45]} {[%emt
00:00:27]} 0-1

[Event "DEM U8 2025"]
[Site "Willingen GER"]
[Date "2025.06.12"]
[Round "4"]
[White "Geiß, Janus Michael"]
[Black "Breaz, Arthur"]
[Result "0-1"]
[Termination "normal"]
[Board "18"]
[WhiteElo "1000"]
[BlackElo "1409"]
[WhiteClock "00:41:53"]
[BlackClock "00:48:46"]
[PlyCount "54"]
[BlackFideId "42217008"]
[EventCountry "GER"]
[EventRounds "7"]
[EventType "swiss"]
[EventDate "2025.06.10"]

1. e4 {[%clk 01:00:04]} {[%emt 00:00:25]} d5 {[%clk 01:00:25]} {[%emt
00:00:05]} 2. exd5 {[%emt 00:00:08]} Qxd5 {[%emt 00:00:07]} 3. Nc3 {[%clk
00:59:58]} {[%emt 00:00:06]} Qa5 {[%clk 01:00:35]} {[%emt 00:00:05]} 4. Nf3
{[%clk 00:59:46]} {[%emt 00:00:27]} Bg4 {[%clk 01:00:42]} {[%emt 00:00:08]} 5.
Bc4 {[%clk 00:59:41]} {[%emt 00:00:20]} Nf6 {[%emt 00:00:48]} 6. O-O {[%clk
00:59:36]} {[%emt 00:00:01]} e6 {[%clk 01:00:22]} {[%emt 00:00:21]} 7. d4
{[%clk 00:59:27]} {[%emt 00:00:24]} c6 {[%clk 01:00:27]} {[%emt 00:00:11]} 8.
Bd2 {[%clk 00:59:10]} {[%emt 00:00:31]} Qc7 {[%clk 01:00:11]} {[%emt 00:00:30]}
9. Re1 {[%clk 00:58:47]} {[%emt 00:00:39]} Bd6 {[%clk 00:59:56]} {[%emt
00:00:30]} 10. g3 {[%clk 00:58:47]} {[%emt 00:00:16]} O-O {[%clk 00:59:47]}
{[%emt 00:00:24]} 11. Re3 {[%clk 00:58:07]} {[%emt 00:00:54]} Nbd7 {[%clk
00:58:34]} {[%emt 00:01:28]} 12. Qe1 {[%clk 00:57:38]} {[%emt 00:00:42]} Nb6
{[%clk 00:58:02]} {[%emt 00:00:50]} 13. Bb3 {[%clk 00:57:13]} {[%emt 00:00:40]}
c5 {[%clk 00:57:51]} {[%emt 00:00:26]} 14. dxc5 {[%clk 00:55:23]} {[%emt
00:02:05]} Bxc5 {[%clk 00:57:51]} {[%emt 00:00:15]} 15. Rd3 {[%clk 00:54:30]}
{[%emt 00:01:06]} Rad8 {[%clk 00:54:41]} {[%emt 00:03:26]} 16. Rxd8 {[%clk
00:53:41]} {[%emt 00:01:03]} Rxd8 {[%clk 00:54:05]} {[%emt 00:00:53]} 17. Ne5
{[%clk 00:52:06]} {[%emt 00:01:50]} Bh3 {[%clk 00:52:13]} {[%emt 00:02:07]} 18.
Bf4 {[%clk 00:51:16]} {[%emt 00:01:04]} Bd4 {[%clk 00:50:47]} {[%emt 00:01:41]}
19. Nf3 {[%clk 00:48:10]} {[%emt 00:03:19]} Qc6 {[%clk 00:50:49]} {[%emt
00:00:15]} 20. Qe2 {[%clk 00:47:03]} {[%emt 00:01:22]} Bxc3 {[%clk 00:50:25]}
{[%emt 00:00:40]} 21. bxc3 {[%clk 00:46:56]} {[%emt 00:00:22]} Qxc3 {[%clk
00:50:35]} {[%emt 00:00:05]} 22. Be5 {[%clk 00:46:06]} {[%emt 00:01:05]} Qc6
{[%clk 00:49:22]} {[%emt 00:01:21]} 23. Rd1 {[%clk 00:43:19]} {[%emt 00:03:09]}
Rxd1+ {[%clk 00:48:38]} {[%emt 00:01:00]} 24. Qxd1 {[%clk 00:43:01]} {[%emt
00:00:33]} h6 {[%clk 00:48:51]} {[%emt 00:00:02]} 25. Ne1 {[%clk 00:42:49]}
{[%emt 00:00:26]} Qb5 {[%clk 00:48:41]} {[%emt 00:00:25]} 26. Qd3 {[%clk
00:42:40]} {[%emt 00:00:23]} Qxe5 {[%clk 00:48:39]} {[%emt 00:00:18]} 27. c3
{[%clk 00:41:53]} {[%emt 00:01:03]} Qxe1+ {[%clk 00:48:46]} {[%emt 00:00:08]}
0-1

[Event "DEM U8 2025"]
[Site "Willingen GER"]
[Date "2025.06.12"]
[Round "4"]
[White "Dimitrov, Simeon"]
[Black "Komar, Mykhail"]
[Result "0-1"]
[Termination "normal"]
[Board "19"]
[WhiteElo "992"]
[BlackElo "1462"]
[WhiteClock "00:50:09"]
[BlackClock "00:52:54"]
[PlyCount "46"]
[WhiteFideId "533028214"]
[BlackFideId "533021864"]
[EventCountry "GER"]
[EventRounds "7"]
[EventType "swiss"]
[EventDate "2025.06.10"]

1. e4 {[%clk 01:00:27]} {[%emt 00:00:02]} e6 {[%clk 01:00:27]} {[%emt
00:00:05]} 2. b3 {[%clk 01:00:31]} {[%emt 00:00:10]} d5 {[%clk 01:00:33]}
{[%emt 00:00:09]} 3. Bb2 {[%clk 01:00:10]} {[%emt 00:00:35]} dxe4 {[%clk
01:00:39]} {[%emt 00:00:11]} 4. Nc3 {[%clk 01:00:15]} {[%emt 00:00:09]} Nf6
{[%clk 01:00:47]} {[%emt 00:00:07]} 5. Qe2 {[%clk 01:00:22]} {[%emt 00:00:06]}
Nc6 {[%clk 01:00:13]} {[%emt 00:00:51]} 6. O-O-O {[%clk 01:00:21]} {[%emt
00:00:15]} Bc5 {[%clk 01:00:04]} {[%emt 00:00:24]} 7. g3 {[%clk 00:59:58]}
{[%emt 00:00:39]} O-O {[%clk 01:00:04]} {[%emt 00:00:15]} 8. g4 {[%clk
00:59:29]} {[%emt 00:00:42]} b6 {[%clk 00:59:02]} {[%emt 00:01:19]} 9. g5
{[%clk 00:59:27]} {[%emt 00:00:15]} Nd5 {[%emt 00:00:30]} 10. Nxd5 {[%clk
00:59:26]} {[%emt 00:00:13]} exd5 {[%clk 00:58:44]} {[%emt 00:00:22]} 11. h4
{[%clk 00:59:10]} {[%emt 00:00:28]} a5 {[%clk 00:58:46]} {[%emt 00:00:17]} 12.
Nh3 {[%clk 00:58:28]} {[%emt 00:00:56]} Ba6 {[%clk 00:57:59]} {[%emt 00:01:03]}
13. Qg4 {[%clk 00:57:54]} {[%emt 00:00:43]} Bc8 {[%clk 00:57:54]} {[%emt
00:00:26]} 14. Qg1 {[%clk 00:57:48]} {[%emt 00:00:20]} Bd4 {[%clk 00:56:23]}
{[%emt 00:01:48]} 15. Bxd4 {[%clk 00:56:09]} {[%emt 00:01:53]} Nxd4 {[%clk
00:56:19]} {[%emt 00:00:19]} 16. Nf4 {[%clk 00:55:05]} {[%emt 00:00:36]} Nf3
{[%clk 00:56:24]} {[%emt 00:00:52]} 17. Qg2 {[%clk 00:54:24]} {[%emt 00:00:54]}
Qd6 {[%clk 00:55:31]} {[%emt 00:01:11]} 18. Ne2 {[%clk 00:52:48]} {[%emt
00:01:48]} Qa3+ {[%clk 00:53:39]} {[%emt 00:02:10]} 19. Kb1 {[%clk 00:52:24]}
{[%emt 00:00:29]} a4 {[%clk 00:53:36]} {[%emt 00:00:27]} 20. h5 {[%clk
00:51:55]} {[%emt 00:00:43]} axb3 {[%clk 00:53:42]} {[%emt 00:00:10]} 21. Nc1
{[%clk 00:51:15]} {[%emt 00:00:54]} bxa2+ {[%clk 00:53:38]} {[%emt 00:00:20]}
22. Ka1 {[%clk 00:50:50]} {[%emt 00:00:38]} Nxd2 {[%clk 00:52:52]} {[%emt
00:01:03]} 23. Be2 {[%clk 00:50:09]} {[%emt 00:00:53]} Qc3# {[%clk 00:52:54]}
{[%emt 00:00:16]} 0-1

[Event "DEM U8 2025"]
[Site "Willingen GER"]
[Date "2025.06.12"]
[Round "4"]
[White "Muradyan, Mark"]
[Black "Wahlhäuser, Jari"]
[Result "1-0"]
[Termination "normal"]
[Board "20"]
[WhiteElo "849"]
[BlackElo "1083"]
[WhiteClock "00:52:30"]
[BlackClock "00:30:12"]
[PlyCount "69"]
[EventCountry "GER"]
[EventRounds "7"]
[EventType "swiss"]
[EventDate "2025.06.10"]

1. d4 {[%emt 00:00:02]} e5 {[%clk 01:00:14]} {[%emt 00:00:14]} 2. dxe5 {[%clk
01:00:32]} {[%emt 00:00:12]} Nc6 {[%clk 01:00:20]} {[%emt 00:00:09]} 3. Nf3
{[%clk 01:00:17]} {[%emt 00:00:31]} Qe7 {[%clk 01:00:26]} {[%emt 00:00:09]} 4.
Bf4 {[%clk 01:00:13]} {[%emt 00:00:19]} Qb4+ {[%clk 01:00:23]} {[%emt
00:00:17]} 5. Bd2 {[%clk 00:59:42]} {[%emt 00:00:47]} Qxb2 {[%clk 01:00:25]}
{[%emt 00:00:13]} 6. Nc3 {[%clk 00:59:38]} {[%emt 00:00:19]} Bb4 {[%clk
01:00:18]} {[%emt 00:00:22]} 7. Rb1 {[%clk 00:58:33]} {[%emt 00:01:20]} Qa3
{[%emt 00:00:32]} 8. Rb3 {[%clk 00:58:30]} Qa5 {[%clk 01:00:20]} {[%emt
00:00:11]} 9. e3 {[%clk 00:58:24]} {[%emt 00:00:24]} Bxc3 {[%clk 00:59:42]}
{[%emt 00:00:54]} 10. Bxc3 {[%clk 00:58:15]} {[%emt 00:00:24]} Qxa2 {[%clk
00:58:58]} {[%emt 00:00:59]} 11. Bc4 {[%clk 00:58:13]} {[%emt 00:00:16]} Na5
{[%clk 00:56:46]} {[%emt 00:02:27]} 12. Bxa5 {[%clk 00:58:08]} {[%emt
00:00:20]} Qxa5+ {[%clk 00:56:49]} {[%emt 00:00:13]} 13. c3 {[%clk 00:57:54]}
{[%emt 00:00:27]} c6 {[%clk 00:55:48]} {[%emt 00:01:18]} 14. Ng5 {[%clk
00:57:49]} {[%emt 00:00:18]} Ne7 {[%clk 00:53:39]} {[%emt 00:02:26]} 15. Bxf7+
{[%clk 00:57:29]} {[%emt 00:00:34]} Kf8 {[%clk 00:52:01]} {[%emt 00:01:48]} 16.
Qf3 {[%clk 00:57:04]} {[%emt 00:00:43]} Qa1+ {[%clk 00:51:15]} {[%emt
00:01:03]} 17. Ke2 {[%clk 00:57:00]} {[%emt 00:00:19]} Qa6+ {[%clk 00:50:56]}
{[%emt 00:00:28]} 18. c4 {[%clk 00:56:57]} {[%emt 00:00:25]} Qa2+ {[%clk
00:50:46]} {[%emt 00:00:24]} 19. Kd3 {[%clk 00:56:35]} {[%emt 00:00:34]} Qxb3+
{[%clk 00:50:46]} {[%emt 00:00:19]} 20. Kd4 {[%clk 00:56:04]} {[%emt 00:00:43]}
Qb6+ {[%clk 00:48:53]} {[%emt 00:02:09]} 21. Ke4 {[%clk 00:55:37]} {[%emt
00:00:43]} d5+ {[%clk 00:47:49]} {[%emt 00:01:19]} 22. Bxd5+ {[%clk 00:55:16]}
{[%emt 00:00:36]} Ke8 {[%clk 00:47:45]} {[%emt 00:00:17]} 23. Qf7+ {[%clk
00:54:57]} {[%emt 00:00:36]} Kd7 {[%clk 00:44:17]} {[%emt 00:03:25]} 24. Be6+
{[%clk 00:54:40]} {[%emt 00:00:48]} Kc7 {[%clk 00:43:17]} {[%emt 00:01:13]} 25.
Qxe7+ {[%clk 00:53:57]} {[%emt 00:01:00]} Kb8 {[%clk 00:43:14]} {[%emt
00:00:20]} 26. Bxc8 {[%clk 00:53:42]} {[%emt 00:00:30]} Rxc8 {[%clk 00:42:42]}
{[%emt 00:00:47]} 27. Qd6+ {[%clk 00:53:25]} {[%emt 00:00:31]} Qc7 {[%clk
00:42:05]} {[%emt 00:00:51]} 28. Qe6 {[%clk 00:53:18]} {[%emt 00:00:21]} c5
{[%clk 00:40:05]} {[%emt 00:02:17]} 29. Nf7 {[%emt 00:00:14]} Qc6+ {[%clk
00:39:05]} {[%emt 00:01:09]} 30. Qxc6 {[%clk 00:52:44]} {[%emt 00:00:56]} bxc6
{[%clk 00:38:04]} {[%emt 00:01:16]} 31. Nd6 {[%clk 00:52:42]} {[%emt 00:00:16]}
Rf8 {[%clk 00:35:22]} {[%emt 00:02:15]} 32. Rb1+ {[%clk 00:52:48]} {[%emt
00:00:52]} Kc7 {[%clk 00:35:12]} {[%emt 00:00:23]} 33. Rb7+ {[%clk 00:52:55]}
{[%emt 00:00:11]} Kd8 {[%clk 00:34:08]} {[%emt 00:00:50]} 34. e6 {[%clk
00:52:49]} {[%emt 00:00:49]} Re8 {[%clk 00:30:12]} {[%emt 00:04:10]} 35. Rd7#
{[%clk 00:52:30]} {[%emt 00:00:33]} 1-0

[Event "DEM U8 2025"]
[Site "Willingen GER"]
[Date "2025.06.12"]
[Round "4"]
[White "Gurevich, Lev"]
[Black "Dowgialo, Franciszek"]
[Result "1-0"]
[Termination "normal"]
[Board "21"]
[WhiteElo "799"]
[BlackElo "1044"]
[WhiteClock "00:50:38"]
[BlackClock "00:50:49"]
[PlyCount "51"]
[EventCountry "GER"]
[EventRounds "7"]
[EventType "swiss"]
[EventDate "2025.06.10"]

1. d4 {[%clk 01:00:27]} {[%emt 00:00:02]} d5 {[%clk 01:00:15]} {[%emt
00:00:16]} 2. Bf4 {[%clk 01:00:25]} {[%emt 00:00:16]} e6 {[%clk 01:00:07]}
{[%emt 00:00:23]} 3. Nc3 {[%clk 01:00:29]} {[%emt 00:00:10]} Nf6 {[%clk
01:00:02]} {[%emt 00:00:22]} 4. Nf3 {[%clk 01:00:27]} {[%emt 00:00:15]} Bd6
{[%clk 00:59:37]} {[%emt 00:00:42]} 5. Bg3 {[%clk 01:00:00]} {[%emt 00:00:41]}
O-O {[%clk 00:59:27]} {[%emt 00:00:24]} 6. e3 {[%clk 00:59:42]} {[%emt
00:00:33]} b6 {[%clk 00:58:57]} {[%emt 00:00:46]} 7. Bd3 {[%clk 00:59:24]}
{[%emt 00:00:33]} Bb7 {[%clk 00:58:40]} {[%emt 00:00:31]} 8. h3 {[%clk
00:58:10]} {[%emt 00:01:29]} c5 {[%clk 00:58:18]} {[%emt 00:00:36]} 9. Nb5
{[%clk 00:57:38]} {[%emt 00:00:48]} Bxg3 {[%clk 00:58:07]} {[%emt 00:00:26]}
10. fxg3 {[%clk 00:57:26]} {[%emt 00:00:15]} a6 {[%clk 00:58:18]} {[%emt
00:00:17]} 11. Nc3 {[%clk 00:57:24]} {[%emt 00:00:17]} Nbd7 {[%clk 00:58:09]}
{[%emt 00:00:23]} 12. Rf1 {[%clk 00:57:09]} {[%emt 00:00:30]} c4 {[%clk
00:57:36]} {[%emt 00:00:48]} 13. Be2 {[%clk 00:57:12]} {[%emt 00:00:11]} Re8
{[%clk 00:56:59]} {[%emt 00:00:53]} 14. Nh2 {[%clk 00:56:40]} {[%emt 00:00:46]}
Qc7 {[%clk 00:56:17]} {[%emt 00:00:59]} 15. Rf3 {[%clk 00:56:07]} {[%emt
00:00:47]} e5 {[%clk 00:56:11]} {[%emt 00:00:21]} 16. Ng4 {[%clk 00:55:27]}
{[%emt 00:00:55]} exd4 {[%clk 00:55:26]} {[%emt 00:00:59]} 17. Nxf6+ {[%clk
00:55:05]} {[%emt 00:00:36]} Nxf6 {[%clk 00:54:45]} {[%emt 00:00:59]} 18. exd4
{[%clk 00:54:27]} {[%emt 00:00:53]} Ne4 {[%clk 00:53:40]} {[%emt 00:01:19]} 19.
Nxe4 {[%clk 00:54:07]} {[%emt 00:00:34]} Rxe4 {[%clk 00:53:16]} {[%emt
00:00:40]} 20. Qd2 {[%clk 00:53:22]} {[%emt 00:01:00]} b5 {[%clk 00:53:04]}
{[%emt 00:00:27]} 21. Rf4 {[%clk 00:52:44]} {[%emt 00:00:52]} Rae8 {[%clk
00:52:13]} {[%emt 00:01:06]} 22. Rxe4 {[%clk 00:51:55]} {[%emt 00:01:03]} Qxg3+
{[%clk 00:52:02]} {[%emt 00:00:27]} 23. Kf1 {[%clk 00:51:09]} {[%emt 00:01:02]}
Rxe4 {[%clk 00:51:56]} {[%emt 00:00:20]} 24. Bf3 {[%clk 00:51:11]} {[%emt
00:00:13]} Rf4 {[%clk 00:51:11]} {[%emt 00:00:59]} 25. Qe1 {[%clk 00:50:47]}
{[%emt 00:00:37]} Qh2 {[%clk 00:50:49]} {[%emt 00:00:39]} 26. Qe8# {[%clk
00:50:38]} {[%emt 00:00:09]} 1-0

[Event "DEM U8 2025"]
[Site "Willingen GER"]
[Date "2025.06.12"]
[Round "4"]
[White "Fredrich, Tarje"]
[Black "Falck, Aaron"]
[Result "0-1"]
[Termination "normal"]
[Board "22"]
[WhiteElo "1052"]
[BlackElo "989"]
[WhiteClock "00:51:06"]
[BlackClock "00:39:24"]
[PlyCount "44"]
[WhiteFideId "533031258"]
[BlackFideId "533031002"]
[EventCountry "GER"]
[EventRounds "7"]
[EventType "swiss"]
[EventDate "2025.06.10"]

1. e4 {[%clk 01:00:26]} {[%emt 00:00:03]} e5 {[%clk 01:00:24]} {[%emt
00:00:06]} 2. Nf3 {[%clk 01:00:32]} {[%emt 00:00:04]} Nc6 {[%clk 01:00:34]}
{[%emt 00:00:10]} 3. Bc4 {[%clk 01:00:25]} {[%emt 00:00:16]} Nf6 {[%clk
01:00:48]} {[%emt 00:00:07]} 4. d3 {[%clk 01:00:24]} {[%emt 00:00:15]} Bc5
{[%clk 01:00:40]} {[%emt 00:00:23]} 5. Be3 {[%clk 00:59:55]} {[%emt 00:00:31]}
Bxe3 {[%clk 01:00:16]} {[%emt 00:00:53]} 6. fxe3 {[%clk 00:59:53]} {[%emt
00:00:07]} d6 {[%clk 00:58:42]} {[%emt 00:01:59]} 7. h3 {[%clk 00:59:34]}
{[%emt 00:00:30]} O-O {[%clk 00:58:10]} {[%emt 00:00:51]} 8. Nc3 {[%clk
00:58:42]} {[%emt 00:00:24]} Bd7 {[%clk 00:57:49]} {[%emt 00:01:19]} 9. O-O
{[%clk 00:57:34]} {[%emt 00:01:20]} Qc8 {[%clk 00:53:50]} {[%emt 00:04:17]} 10.
Kh2 {[%clk 00:56:15]} {[%emt 00:00:34]} Bg4 {[%clk 00:47:58]} {[%emt 00:07:07]}
11. hxg4 {[%emt 00:00:24]} Nxg4+ {[%emt 00:00:14]} 12. Kg1 {[%clk 00:55:38]}
{[%emt 00:00:08]} Nxe3 {[%clk 00:47:53]} {[%emt 00:00:25]} 13. Qe2 {[%clk
00:54:46]} {[%emt 00:01:08]} Nxf1 {[%clk 00:47:33]} {[%emt 00:00:34]} 14. Rxf1
{[%clk 00:54:52]} {[%emt 00:00:04]} Rb8 {[%clk 00:46:38]} {[%emt 00:01:16]} 15.
Ng5 {[%clk 00:54:38]} {[%emt 00:00:23]} Kh8 {[%clk 00:45:33]} {[%emt 00:01:26]}
16. Nxf7+ {[%clk 00:54:38]} {[%emt 00:00:15]} Rxf7 {[%clk 00:44:09]} {[%emt
00:01:39]} 17. Rxf7 {[%clk 00:54:17]} {[%emt 00:00:26]} Nd4 {[%clk 00:43:30]}
{[%emt 00:01:04]} 18. Qf2 {[%clk 00:53:47]} {[%emt 00:00:23]} c6 {[%clk
00:41:15]} {[%emt 00:02:50]} 19. Qg3 {[%clk 00:52:20]} {[%emt 00:00:42]} Qg8
{[%clk 00:39:39]} {[%emt 00:02:52]} 20. Rxb7 {[%clk 00:51:06]} {[%emt
00:00:41]} Qf8 {[%clk 00:39:24]} {[%emt 00:01:17]} 21. Rf7 {[%emt 00:00:07]}
Qg8 {[%emt 00:00:56]} 22. Rxg7 {[%emt 00:00:33]} Qxg7 {[%emt 00:00:52]} 0-1